00919nam a2200241Ia 450000100060000000300090000600800410001504000130005604000130006904100130008210000240009510000290011924500540014824500310020225000110023326000100024426000090025426000490026330000590031250002500037165000250062165000310064610967IT-RoPAU130308s9999 xx 000 0 und d aIT-RoPAU cIT-RoPAU aFRANCESE aRichaudeau Francois gCodice Aut. SPICS: 2061 aLisibilitè et l'efficacitè de l'ecriture (La) bSavoir Ecrire Moderne (Le) a1a ed. aPARIS bRetz c1980 [1° Ed.:1980 - Ed.Ling.Originale:1980] a"36 p. (prefazione: no ; testo: 36 [pagine: 217-252])" aLeggibilità ed Efficacia della Scrittura Fondamenti Teorici pensiero e Linguaggio Percezione delle Parole e delle Frasi Memoria e Linguaggio Formule di Leggibilità e di Efficacia Elaborazione della formula di Efficacia 5 grafici Esplicativi aSAGGI DI LINGUISTICA eCodice materia Spics: 3207